Myths in Thing's fall apart / (Record no. 40025)

MARC details
000 -LEADER
fixed length control field 00695nam a22001937a 4500
005 - DATE AND TIME OF LATEST TRANSACTION
control field 20100807122538.0
010 ## - LCCN (DPL NO)
LC control number ENG-98856
020 ## - INTERNATIONAL STANDARD BOOK NUMBER
International Standard Book Number 9789380060873
Terms of availability 100.00
035 ## - SYSTEM CONTROL NUMBER
System control number EN-82388
037 ## - SOURCE OF ACQUISITION
Source of stock number/acquisition DBAD/PUB
082 ## - DEWEY DECIMAL CLASSIFICATION NUMBER
Classification number 899.6
100 ## - MAIN ENTRY--PERSONAL NAME
Personal name Kamali,H
245 ## - TITLE STATEMENT
Title Myths in Thing's fall apart /
Statement of responsibility, etc by H Kamali
260 ## - PUBLICATION, DISTRIBUTION, ETC. (IMPRINT)
Place of publication, distribution, etc Salem
Name of publisher, distributor, etc M S K Publications
Date of publication, distribution, etc 2009
270 ## - ADDRESS
Address 3/189-E Athanoor Amman Kovil St Masinayaganpatti Post Ayyothiyappattinam
City Salem
Postal code 636103
300 ## - PHYSICAL DESCRIPTION
Extent 117p
Dimensions 20cm(pbk)
942 ## - ADDED ENTRY ELEMENTS (KOHA)
Source of classification or shelving scheme Dewey Decimal Classification
Item type English Books
Classification part 899.6
Call number suffix KAM
Holdings
Withdrawn status Lost status Not for loan Collection code Home library Current library Date acquired Source of acquisition Cost, normal purchase price Full call number Barcode Copy number Cost, replacement price Koha item type
    Not For Loan Non-fiction D.B.Act.Division D.B.Act.Division 07/08/2010 DBAD/PUB 100.00 899.6 KAM EN-82388 1 100.00 English Books

© Delhi Public Library
Hit Counter
free hit counter